Return to the Little Kingdom (Record no. 1375)

000 -LEADER
fixed length control field 00607nam a22002057a 4500
003 - CONTROL NUMBER IDENTIFIER
control field OSt
005 - DATE AND TIME OF LATEST TRANSACTION
control field 20210426081822.0
008 - FIXED-LENGTH DATA ELEMENTS--GENERAL INFORMATION
fixed length control field 210215s2009 ||||| |||| 00| 0 eng d
020 ## - INTERNATIONAL STANDARD BOOK NUMBER
International Standard Book Number 9780715638880
040 ## - CATALOGING SOURCE
Original cataloging agency eng
Language of cataloging eng
Transcribing agency DLC
041 ## - LANGUAGE CODE
Language code of text/sound track or separate title eng
080 ## - UNIVERSAL DECIMAL CLASSIFICATION NUMBER
Universal Decimal Classification number 004
Item number M-84
100 ## - MAIN ENTRY--PERSONAL NAME
9 (RLIN) 868
Personal name Moritz, Michael
245 ## - TITLE STATEMENT
Title Return to the Little Kingdom
Remainder of title : Steve Jobs, The Creation of Apple, and How It Changed the World
Statement of responsibility, etc. / by: Duckworth Overlook
260 ## - PUBLICATION, DISTRIBUTION, ETC.
Place of publication, distribution, etc. London
Name of publisher, distributor, etc. Duckworth Overlook
Date of publication, distribution, etc. 2009
300 ## - PHYSICAL DESCRIPTION
Extent 352 p.
650 #0 - SUBJECT ADDED ENTRY--TOPICAL TERM
9 (RLIN) 869
Topical term or geographic name entry element Computers
653 ## - INDEX TERM--UNCONTROLLED
Uncontrolled term კომპიუტერი
942 ## - ADDED ENTRY ELEMENTS (KOHA)
Source of classification or shelving scheme
Koha item type Books
Holdings
Withdrawn status Lost status Source of classification or shelving scheme Damaged status Not for loan Permanent location Current location Date acquired Inventory number Total Checkouts Full call number Barcode Date last seen Price effective from Koha item type
          Ken Walker International University Ken Walker International University 02/15/2021 233   004 M-84 233 02/15/2021 02/15/2021 Books

Powered by Koha